000 00560nam a22002177a 4500
003 UA-OsUOA
001 49448
007 ta
008 20071004b un ||||| |||| 00| 0 ukr d
090 _a82.09
_bН44
942 _cBK
040 _aUA-OsUOA
_bukr
_cUA-OsUOA
_dUA-OsUOA
245 _aНезабутній Максим Рильський
300 _a430 с.
955 _a3
041 _aukr
080 _a82.09
260 _aК.
_bДніпро
_c1968
650 7 _a82 Література. Літературознавство
_2UDC
999 _c335548
_d335548